00879cam a2200229 a 450000100100000000500170001000800410002704000490006808200210011710000450013824500950018325000110027826000370028930000210032649000490034750000470039665000450044365100520048865000230054070000340056383000520059700000716620200929154102.0831027s1966 ag 001 0 spa  aDO-SdBNPcViFGMbBNPHUdCatalogación noche a920bS246r, 19661 aSarmiento, Domingo Faustino,d1811-1888.10aRecuerdos de provincia /cDomingo Faustino Sarmiento ; edición, María Hortensia Lacau. a7a ed. aBuenos Aires :bKapelusz,c1966. a295 p. ;c16 cm.1 aGrandes obras de la literatura universalv50 aEstudio preliminar y nota de Guillermo Ara 4aSarmiento , domingo faustino,d1811-1888 4aSan Juan (Argentina, Provincia{Rpara}xHistoria 4aAutores argentinos1 aHortensia Lacau, Maríaeed. 0aGrandes obras de la literatura universal ;v50.